Selekcia výrobných programov, sofistikácia produkcie a dynamizácia zahranično-ekonomických vzťahov - predpoklad hospodárskej prosperity

Salvato in:
Dettagli Bibliografici
Autore principale: Lysák, Ladislav
Natura: Capitolo di libro
Lingua:slovacco
Tags: Aggiungi Tag
Nessun Tag, puoi essere il primo ad aggiungerne!!

MARC

LEADER 00000naa$a2200000$$$4500
001 0136303
005 20240502072527.1
041 0 |a slo 
044 |a SK 
245 1 0 |a Selekcia výrobných programov, sofistikácia produkcie a dynamizácia zahranično-ekonomických vzťahov - predpoklad hospodárskej prosperity  |c Ladislav Lysák 
100 1 |a Lysák, Ladislav